Optimization Concepts and Application in Engineering (Record no. 267909)
[ view plain ]
| 000 -LEADER | |
|---|---|
| fixed length control field | 00335 a2200121 4500 |
| 001 - CONTROL NUMBER | |
| control field | 32836 |
| 082 ## - DEWEY DECIMAL CLASSIFICATION NUMBER | |
| Author Mark | 519.30246221 BEL |
| 090 ## - LOCALLY ASSIGNED LC-TYPE CALL NUMBER (OCLC); LOCAL CALL NUMBER (RLIN) | |
| -- | 22006 |
| -- | 22006 |
| 100 ## - MAIN ENTRY--PERSONAL NAME | |
| Personal name | Belegundu,A.D |
| 245 ## - TITLE STATEMENT | |
| Title | Optimization Concepts and Application in Engineering |
| 260 ## - PUBLICATION, DISTRIBUTION, ETC. | |
| Place of publication, distribution, etc. | New Delhi |
| Name of publisher, distributor, etc. | Pearson Education Ltd |
| Date of publication, distribution, etc. | 1999 |
| 300 ## - PHYSICAL DESCRIPTION | |
| Extent | xii, 432 p. |
| Accompanying material | CD |
| 942 ## - ADDED ENTRY ELEMENTS (KOHA) | |
| Institution code [OBSOLETE] | NUST-CAE |
| Call number prefix | 519.30246221 BEL |
| Withdrawn status | Lost status | Damaged status | Not for loan | Collection code | Permanent Location | Current Location | Date acquired | Total Checkouts | Full call number | Barcode | Date last seen | Price effective from | Koha item type |
|---|---|---|---|---|---|---|---|---|---|---|---|---|---|
| College of Aeronautical Engineering (CAE) | College of Aeronautical Engineering (CAE) | 04/03/2017 | 519.30246221 BEL | CAEN-2689 | 04/05/2017 | 04/05/2017 | Book |
